000
00276nam a2200121Ia 4500
008
150731s2015 xx 000 0 und d
082
_a
611
_b
M 15 P
100
_a
PAL, G.P.
245
_a
MEDICAL GENETICS
260
_b
AITBS PUB.INDIA
_c
2015
300
_a
2007
942
_2
ddc
_c
BK
999
_c
7945
_d
7945